| 000 | 00468nam a2200181Ia 4500 | ||
|---|---|---|---|
| 008 | 151213s9999 xx 000 0 und d | ||
| 020 | _a978-81-309-1295-0 | ||
| 082 |
_a822.33P3-4 _b822.33P3-4 |
||
| 100 | _aShakespeare | ||
| 245 |
_aThe Merchant of Venice _cShakespeare |
||
| 250 | _a1st | ||
| 260 |
_aNew Delhi _bViva Books _c2010 |
||
| 300 | _a11789 p. | ||
| 650 | _aEnglish Literature | ||
| 650 | _aEnglish Literature | ||
| 700 | _aShakespeare | ||
| 999 |
_c5033 _d5033 |
||